000 01092nam2a22002531 4500
001 rc\139912
005 20250621061025.0
035 _a(NLR Aleph) 005613263
090 _a6433710
_c6433710
100 _a20030307d1996 |||y0rusy50 ca
101 0 _arus
102 _aRU
105 _ay |||||||||
200 1 _aˆ(‰1986-1992 гг.)
_f[Сост. С.В. Мухина и др.]
210 _d1996
_aБ. м.
215 _a318 с.
320 _aУказ. геогр. назв.: с. 295-310
320 _aПредм.-темат. указ.: с. 311-314
461 0 _1001rc\139911
_12001#$aКаталог карт и атласов, изданных в 1986-1996 гг.$fФедер. служба геодезии и картографии России$vТ. 1
_96433703
_cМ.
_d1996
_fФедер. служба геодезии и картографии России
_nКарт-геоцентр
_tКаталог карт и атласов, изданных в 1986-1996 гг.
_vТ. 1
801 0 _aRU
_bNLR
_gpsbo
801 1 _aRU
_bELAR
_2rusmarc
852 _aNLR
_bК
_jбиб/111
942 _cBOOK
980 _aNB